• 首页
  • 本馆介绍
  • 公告通知
  • 最新文献
  • 馆藏检索
  • 电子资源
  • 读者导购
  • 参考咨询
  • 我的图书馆
  • 登录
  • 详细信息显示
  • 放入我的书架
  • 预约/预借图书
  • 作者相关作品
  • 分类相关作品
  • 丛书相关作品
  • 出版社相关作品

书目信息

  • 表格格式
  • 工作单格式
  • 卡片格式
题名:
排球竞赛规则
    
 
作者: ;国家体育运动委员会 审定
分册:  
出版信息: 北京   人民体育出版社  1982
页数: 47页
开本: 19cm
丛书名:
单 册:
中图分类: G842.4
科图分类:
主题词: 排球运动-竞赛规则--1982~1984 , 竞赛规则-排球运动--1982~1984
电子资源:
ISBN: 7015.2065
000 00735nam0 2200241 450
001 0182001784
005 20100712220200.0
010    @a7015.2065@dCNY0.17
091    @a7015.2065@d¥0.17
100    @a19950620d1982 em y0chiy0110 ea
101 0  @achi
102    @aCN@b110000
105    @ay z 000yy
106    @ar
200 1  @a排球竞赛规则@9Pai Qiu Jing Sai Gui Ze @e1982~1984@f国家体育运动委员会审定
210    @a北京@c人民体育出版社@d1982
215    @a47页@d19cm
606 0  @a排球运动-竞赛规则@z1982~1984
606 0  @a竞赛规则-排球运动@z1982~1984
690    @aG842.4@v3
711 02 @a国家体育运动委员会@9guo jia ti yu yun dong wei yuan hui@4审定
801  0 @aCN@bAzMarc@c20130904
905    @aBZT@dG842.4@e80@f2@sG842.4/80
    
    排球竞赛规则:1982~1984/国家体育运动委员会审定.-北京:人民体育出版社,1982
    47页;19cm
    
    
    ISBN 7015.2065:CNY0.17
    
●
相关链接 在五车中查询图书 在当当中查询图书 在豆瓣中查询图书


正题名:排球竞赛规则     索取号:G842.4/80         预约/预借

序号 登录号 条形码 馆藏地/架位号 状态 备注
1 2000087800   2000087800   旧书回溯/ [索取号:G842.4/80] 在馆    
2 2000087802   2000087802   旧书回溯/ [索取号:G842.4/80] 在馆    
山东省滨州职业学院图书馆 欢迎您!
大连网信软件有限公司© 版权所有